Search for a method. (Record no. 19538)
[ view plain ]
| 000 -LEADER | |
|---|---|
| fixed length control field | 00786cam a22002651 4500 |
| 001 - CONTROL NUMBER | |
| control field | 750949 |
| 003 - CONTROL NUMBER IDENTIFIER | |
| control field | BDDh-ASL |
| 005 - DATE AND TIME OF LATEST TRANSACTION | |
| control field | 20231015025804.0 |
| 008 - FIXED-LENGTH DATA ELEMENTS--GENERAL INFORMATION | |
| fixed length control field | 731002s19631968nyu 000 0 eng |
| 010 ## - LIBRARY OF CONGRESS CONTROL NUMBER | |
| LC control number | 63009135 |
| 040 ## - CATALOGING SOURCE | |
| Original cataloging agency | DLC |
| Transcribing agency | DLC |
| Modifying agency | BDDh-ASL |
| 041 1# - LANGUAGE CODE | |
| Language code of text/sound track or separate title | eng |
| Language code of original | fre |
| 050 00 - LIBRARY OF CONGRESS CALL NUMBER | |
| Classification number | B819 |
| Item number | .S3363 1963 |
| 082 00 - DEWEY DECIMAL CLASSIFICATION NUMBER | |
| Classification number | 111 |
| Item number | SAS |
| 100 1# - MAIN ENTRY--PERSONAL NAME | |
| Personal name | Sartre, Jean-Paul, |
| Dates associated with a name | 1905-1980. |
| 240 10 - UNIFORM TITLE | |
| Uniform title | Questions de méthode. |
| Language of a work | English |
| 245 10 - TITLE STATEMENT | |
| Title | Search for a method. |
| Statement of responsibility, etc. | Translated from the French and with an introd. by Hazel E. Barnes. |
| 250 ## - EDITION STATEMENT | |
| Edition statement | [1st American ed.] |
| 260 ## - PUBLICATION, DISTRIBUTION, ETC. | |
| Place of publication, distribution, etc. | New York, |
| Name of publisher, distributor, etc. | Knopf, |
| Date of publication, distribution, etc. | 1963. |
| 300 ## - PHYSICAL DESCRIPTION | |
| Extent | 181 p. |
| Dimensions | 22 cm. |
| 650 #0 - SUBJECT ADDED ENTRY--TOPICAL TERM | |
| Topical term or geographic name entry element | Existentialism. |
| 650 #0 - SUBJECT ADDED ENTRY--TOPICAL TERM | |
| Topical term or geographic name entry element | Dialectical materialism. |
| 906 ## - LOCAL DATA ELEMENT F, LDF (RLIN) | |
| a | 7 |
| b | cbc |
| c | orignew |
| d | u |
| e | ocip |
| f | 19 |
| g | y-gencatlg |
| 942 ## - ADDED ENTRY ELEMENTS (KOHA) | |
| Source of classification or shelving scheme | Dewey Decimal Classification |
| Koha item type | Books |
| Withdrawn status | Lost status | Source of classification or shelving scheme | Damaged status | Not for loan | Collection code | Home library | Current library | Shelving location | Date acquired | Source of acquisition | Total Checkouts | Full call number | Barcode | Date last seen | Copy number | Price effective from | Koha item type | Public note |
|---|---|---|---|---|---|---|---|---|---|---|---|---|---|---|---|---|---|---|
| Dewey Decimal Classification | Not For Loan | Non-fiction | Asiatic Society Library | Asiatic Society Library | Ludden Collection | 12/08/2020 | Donated by Prof. David Ludden | 111 SAS | 102884 | 12/08/2020 | C-1 | 12/08/2020 | Books | RARE |